| 000 | 01669cam a2200457 i 4500 | ||
|---|---|---|---|
| 999 |
_c10418 _d10418 |
||
| 001 | 23560770 | ||
| 003 | GBCCL | ||
| 005 | 20241126110731.0 | ||
| 008 | 240213t20232023txu b 000 0 eng d | ||
| 010 | _a 2023279827 | ||
| 020 |
_a9780960083138 _q(paperback) |
||
| 020 |
_a0960083138 _q(paperback) |
||
| 035 | _a(OCoLC)on1411063448 | ||
| 040 |
_aNYP _beng _erda _cNYP _dOCLCO _dBDX _dDLC |
||
| 042 | _alccopycat | ||
| 050 | 0 | 0 |
_aHQ759.8 _b.W54 2023 |
| 082 | 0 | 4 |
_a306.87 _223 _bWIL |
| 100 | 1 |
_aWillis, Dave, _d1978- _eauthor. _918107 |
|
| 245 | 1 | 0 |
_aMarried into the family : _bthe not-so-secret guide to in-law relationships / _cDave & Ashley Willis. |
| 264 | 1 |
_aDallas, Texas : _bXO Publishing, _c[2023] |
|
| 264 | 4 | _c©2023 | |
| 300 |
_axv, 215 pages ; _c23 cm |
||
| 336 |
_atext _btxt _2rdacontent |
||
| 337 |
_aunmediated _bn _2rdamedia |
||
| 338 |
_avolume _bnc _2rdacarrier |
||
| 504 | _aIncludes bibliographical references (pages 213-214) | ||
| 650 | 0 |
_aParents-in-law. _918108 |
|
| 650 | 0 |
_aParents-in-law _xFamily relationships. _918109 |
|
| 650 | 0 |
_aMarried people _xFamily relationships. _918110 |
|
| 650 | 0 |
_aFamilies _xReligious aspects _xChristianity. _94284 |
|
| 650 | 6 |
_aBeaux-parents. _918111 |
|
| 650 | 6 |
_aBeaux-parents _xRelations familiales. _918112 |
|
| 650 | 6 |
_aCouples mariés _xRelations familiales. _918113 |
|
| 650 | 6 |
_aFamilles _xAspect religieux _xChristianisme. _918114 |
|
| 650 | 7 |
_aParents-in-law _2fast _918108 |
|
| 700 | 1 |
_aWillis, Ashley, _eauthor. _918115 |
|
| 906 |
_a7 _bcbc _ccopycat _d2 _encip _f20 _gy-gencatlg |
||
| 942 |
_2ddc _cBK _01 |
||